| 000 | 00634cam a2200193 4500500 | ||
|---|---|---|---|
| 005 | 20260405002319.0 | ||
| 041 | _afre | ||
| 042 | _adc | ||
| 100 | 1 | 0 |
_ade Oliveira, Victorine _eauthor |
| 700 | 1 | 0 |
_ade Oliveira, Victorine _eauthor |
| 245 | 0 | 0 | _aTechniques de l’observateur. Vision et modernité au XIXe siècle |
| 260 | _c2016. | ||
| 500 | _a62 | ||
| 690 | _aJonathan Crary | ||
| 690 | _aObservation | ||
| 690 | _avision | ||
| 786 | 0 | _nPhilosophie magazine | 104 | 11 | 2016-11-01 | p. 65-66 | 1951-1787 | |
| 856 | 4 | 1 | _uhttps://shs.cairn.info/magazine-philosophie-magazine-2016-11-page-65?lang=fr&redirect-ssocas=7080 |
| 999 |
_c2056530 _d2056530 |
||